Interaction 2 : Listening/Speaking skills

محفوظ في:
التفاصيل البيبلوغرافية
التنسيق: كتاب
اللغة:Undetermined
منشور في: New York, NY Mc Graw-Hill 2002
الموضوعات:
الوسوم: إضافة وسم
لا توجد وسوم, كن أول من يضع وسما على هذه التسجيلة!
Thư viện lưu trữ: Trung tâm Học liệu Trường Đại học Cần Thơ
LEADER 00513nam a2200193Ia 4500
001 CTU_57705
008 210402s9999 xx 000 0 und d
020 |c 50000 
082 |a 428.34 
082 |b I.61/T.3 
245 0 |a Interaction 2 : 
245 0 |b Listening/Speaking skills 
260 |a New York, NY 
260 |b Mc Graw-Hill 
260 |c 2002 
650 |a English language 
650 |x Study and teaching,Foreign speakers 
904 |a Minh 
980 |a Trung tâm Học liệu Trường Đại học Cần Thơ